Luxus ide do úzadia

Ako sa zmenilo spotrebiteľské správanie po vypuknutí koronavírusu.

Guardado en:
Detalles Bibliográficos
Formato: Capítulo de libro
Lenguaje:eslovaco
Materias:
Etiquetas: Agregar Etiqueta
Sin Etiquetas, Sea el primero en etiquetar este registro!

MARC

LEADER 00000naa a2200000 4500
001 0263641
005 20221104111952.2
041 0 |a slo 
044 |a SK 
245 1 0 |a Luxus ide do úzadia 
520 |a Ako sa zmenilo spotrebiteľské správanie po vypuknutí koronavírusu. 
610 2 0 |a chorobnosť 
610 2 0 |a správanie spotrebiteľa 
610 2 0 |a obchod elektronický 
610 2 0 |a tržby 
610 2 0 |a potraviny